000
00353 a2200169 4500
001
189637
020
_a
85-250-4827-1
040
_c
Magnum
100
_a
Ziraldo
240
1
0
_a
Diário da Julieta
_l
por
245
1
0
_a
Diário da Julieta
300
_a
112
362
0
_a
2010
440
1
_a
Globo
697
_a
LITERATURA INFANTO-JUVENIL
942
_c
BK
999
_c
189637
_d
189637